000
00245nam a2200097Ia 4500
001
768115
005
20250826165412.0
008
250824s9999 xx 000 0 und d
245
0
_a
KORKU KÜLTÜRÜ
_c
DOĞAN CÜCELOĞLU
260
_b
REMZİ KİTABEVİ
999
_c
768115
_d
768115